Law on industrial disputes : (Record no. 81490)

MARC details
000 -LEADER
fixed length control field 01002nam a22002417a 4500
005 - DATE AND TIME OF LATEST TRANSACTION
control field 20140115115045.0
010 ## - LCCN (DPL NO)
LC control number ENG-109009-010
020 ## - INTERNATIONAL STANDARD BOOK NUMBER
International Standard Book Number 9789351430535(set)
Terms of availability 3195.00(set of 2 vols.)
020 ## - INTERNATIONAL STANDARD BOOK NUMBER
International Standard Book Number 9789351430360
Terms of availability 3195.00(set of 2 vols.)
020 ## - INTERNATIONAL STANDARD BOOK NUMBER
International Standard Book Number 9789351430377
Terms of availability 3195.00(set of 2 vols.)
035 ## - SYSTEM CONTROL NUMBER
System control number EN-92542-543
037 ## - SOURCE OF ACQUISITION
Source of stock number/acquisition DBAD/PUB
082 ## - DEWEY DECIMAL CLASSIFICATION NUMBER
Classification number 344.540189143
100 ## - MAIN ENTRY--PERSONAL NAME
Personal name Patel, Vithalbhai B.
245 ## - TITLE STATEMENT
Title Law on industrial disputes :
Remainder of title by Vithalbhai B. Patel
Statement of responsibility, etc with central & state rules /
250 ## - EDITION STATEMENT
Edition statement 4th updated ed by Gyanendran Saran in collabration with Deepak V. Patel [and] Devendra Chauhan
260 ## - PUBLICATION, DISTRIBUTION, ETC. (IMPRINT)
Place of publication, distribution, etc Gurgaon
Name of publisher, distributor, etc Lexis Nexis
Date of publication, distribution, etc 2014
270 ## - ADDRESS
Address 14th floor, Building No 10, Tower-B, DLF Cyber City, Phase-ll,
City Gurgaon
Postal code 122002
300 ## - PHYSICAL DESCRIPTION
Extent 2V.(cccxxiv,1053,1-64p.; Lxiii,1054-2280; 1-64p.)
Dimensions 25cm(Hb)
500 ## - GENERAL NOTE
General note Includes index
505 ## - FORMATTED CONTENTS NOTE
Formatted contents note v.1-Sections 1-21 ; v.2.-sections 22 to end & appendices
942 ## - ADDED ENTRY ELEMENTS (KOHA)
Source of classification or shelving scheme Dewey Decimal Classification
Item type English Books
Call number suffix PAT
Classification part 344.540189143
Holdings
Withdrawn status Lost status Materials specified (bound volume or other part) Not for loan Collection code Home library Current library Date acquired Source of acquisition Cost, normal purchase price Full call number Barcode Copy number Cost, replacement price Koha item type
    v.1 Not For Loan Non-fiction D.B.Act.Division D.B.Act.Division 24/12/2013 DBAD/PUB 3195.00 344.540189143 PAT EN-92542 1 3195.00 English Books
    v.2 Not For Loan Non-fiction D.B.Act.Division D.B.Act.Division 24/12/2013 DBAD/PUB 3195.00 344.540189143 PAT EN-92543 1 3195.00 English Books

© Delhi Public Library
Hit Counter
free hit counter